Southville International School and Colleges
Your cart is empty.
  • Cart
  • Lists
    Public lists Eva Luna New books Lux_list list_1
    Your lists Log in to create your own lists
  • Log in to your account
  • Your cookies
  • Search history
Southville International School and Colleges
  • Advanced search
  • Recent comments
  • Most popular
  • Libraries

Log in to your account

Log in with GOOGLE


If you do not have an external account, but do have a local account, you can still log in:

  1. Home
  2. MARC view: Surfing /
Normal view MARC view ISBD view

Surfing / (Record no. 10222)

[ view plain ]
MARC details
000 -LEADER
fixed length control field 00528nam a22001937a 4500
003 - CONTROL NUMBER IDENTIFIER
control field OSt
005 - DATE AND TIME OF LATEST TRANSACTION
control field 20140310182201.0
008 - FIXED-LENGTH DATA ELEMENTS--GENERAL INFORMATION
fixed length control field 130902t xxu||||| |||| 00| 0 eng d
020 ## - INTERNATIONAL STANDARD BOOK NUMBER
International Standard Book Number 9781848981430
050 ## - LIBRARY OF CONGRESS CALL NUMBER
Classification number GV 840.S8
Item number .M478 2010
082 ## - DEWEY DECIMAL CLASSIFICATION NUMBER
Classification number HS 797.3
Item number M66 2010
100 ## - MAIN ENTRY--PERSONAL NAME
Personal name Mondy, Ben
9 (RLIN) 16262
245 ## - TITLE STATEMENT
Title Surfing /
Statement of responsibility, etc Ben Mondy.
260 ## - PUBLICATION, DISTRIBUTION, ETC. (IMPRINT)
Place of publication, distribution, etc Great Britain :
Name of publisher, distributor, etc Ticktock,
Date of publication, distribution, etc c2010.
300 ## - PHYSICAL DESCRIPTION
Extent 64 p :
Other physical details ill. ;
Dimensions 25 cm.
651 ## - SUBJECT ADDED ENTRY--GEOGRAPHIC NAME
Geographic name Surfing
General subdivision --Juvenile literature
9 (RLIN) 16263
942 ## - ADDED ENTRY ELEMENTS (KOHA)
Source of classification or shelving scheme Library of Congress Classification
Koha item type
Holdings
Withdrawn status Lost status Source of classification or shelving scheme Damaged status Home library Current library Shelving location Date acquired Total Checkouts Full call number Barcode Date last seen Copy number Price effective from Koha item type
    Library of Congress Classification   Luxembourg Library Luxembourg Library High School Section 09/02/2013   GV 840.S8 .M478 2010 18641 09/02/2013 1 09/02/2013 Books

Surfing /

APA

Mondy B., . (2010). Surfing. Great Britain: Ticktock.

Chicago

Mondy Ben, . 2010. Surfing. Great Britain: Ticktock.

Harvard

Mondy B., . (2010). Surfing. Great Britain: Ticktock.

MLA

Mondy Ben, . Surfing. Great Britain: Ticktock. 2010.

  • Place hold
  • Print
  • Cite
  • Add to your cart (remove)
  • Save record
    BIBTEX Dublin Core MARCXML MARC (non-Unicode/MARC-8) MARC (Unicode/UTF-8) MARC (Unicode/UTF-8, Standard) MODS (XML) RIS
  • More searches
    Search for this title in:
    Other Libraries (WorldCat) Other Databases (Google Scholar) Online Stores (Bookfinder.com) Open Library (openlibrary.org)

Exporting to Dublin Core...

SOUTHVILLE LIBRARY

Southville International School and Colleges Library

1281 Tropical Ave. Cor. Luxembourg St., BF Homes International, Las Pinas City

Tel. No. 8256374 / 252358 Loc. 117/146

Powered by Koha